Les gentilés des 50 plus grandes villes de France - Statistiques

Statistiques générales
  • Ce quiz a été pris 235 fois
  • Le résultat moyen est 32 sur 50
Statistiques - réponses
Ville Gentilé % Correct
Lyon Lyonnais
100%
Marseille Marseillais
100%
Paris Parisien
100%
Lille Lillois
99%
Nantes Nantais
99%
Nice Niçois
99%
Toulouse Toulousain
99%
Rennes Rennais
98%
Strasbourg Strasbourgeois
98%
Bordeaux Bordelais
97%
Dijon Dijonnais
96%
Toulon Toulonnais
96%
Nîmes Nîmois
95%
Grenoble Grenoblois
94%
Brest Brestois
92%
Montepllier Montpelliérain
89%
Angers Angevin
83%
Orléans Orléanais
83%
Le Havre Havrais
80%
Saint-Étienne Stéphanois
80%
Clermont-Ferrand Clermontois
75%
Rouen Rouennais
75%
Caen Caennais
74%
Avignon Avignonnais
73%
Perpignan Perpignanais
72%
Aix-en-Provence Aixois
70%
Amiens Amiénois
70%
Reims Rémois
69%
Villeurbanne Villeurbannais
67%
Metz Messin
61%
Tours Tourangeau
56%
Poitiers Poitevin
55%
Le Mans Manceau
48%
Annecy Annécien
47%
Boulogne-Billancourt Boulonnais
44%
Mulhouse Mulhousien
43%
Roubaix Roubaisien
39%
Nanterre Nanterrien
38%
Montreuil Montreuillois
34%
Argenteuil Argenteuillais
28%
Nancy Nancéien
27%
Nouméa Nouméen
26%
Limoges Limougeaud
25%
Saint-Denis Dionysien
23%
Saint-Denis Dionysien
23%
Besançon Bisontins
21%
Créteil Cristolien
18%
Saint-Paul Saint-Paulais
11%
Tourcoing Tourquennois
11%
Vitry-sur-Seine Vitriots
6%
Aucun quiz correspondant
Distribution des résultats
% des personnes avec chaque résultat
Percentile par nombre de réponses
Votre historique - résultats
Vous n’avez pas pris ce quiz